Statistics for Croatia World Cup 2014 squad

Click here to take the quiz!

General Stats

  • This quiz has been taken 562 times
    (544 since last reset)
  • The average score is 16 of 24

Answer Stats

% Correct
MDLuka ModricReal Madrid
98%
FWMario MandzukicBayern Munich
93%
MDIvan RakiticFC Sevilla
88%
DFDarijo SrnaShakhtar Donetsk
85%
COACHNiko Kovac/
83%
DFDejan LovrenSouthampton
80%
GKStipe PletikosaRostov
80%
FWIvan PerisicWolfsburg
79%
FWIvica OlicWolfsburg
78%
GKDanijel SubasicAS Monaco
78%
DFVedran CorlukaLokomotiv Moscou
75%
MDMateo KovacicInter Milan
72%
FWEduardo Da SilvaShakhtar Donetsk
68%
FWNikica JelavicHull City
65%
DFDomagoj VidaDynamo Kiev
61%
DFDanijel PranjicPanathinaïkos
54%
DFSime VrsaljkoGenoa
50%
MDMarcelo BrozovicDinamo Zagreb
49%
MDSammirGetafe
48%
FWAnte RebicFiorentina
45%
MDOgnjen VukojevicDynamo Kiev
45%
DFGordon SchildenfeldPanathinaïkos
36%
GKOliver ZelenikaLokomotiv Zagreb
28%
MDIvan MocinicRijeka
24%

Score Distribution

Percentile by Number Answered

Percent of People with Each Score

Your Score History

You have not taken this quiz since the last reset